Sociology of the Yoruba novel an introduction

Saved in:
Bibliographic Details
Main Author: OGUNSINA, Bisi
Format: Book
Language:English
Published: Integrity Publishers 2006
Tags: Add Tag
No Tags, Be the first to tag this record!

MARC

LEADER 00000nam a22000007a 4500
008 201217b ||||| |||| 00| 0 eng d
020 |a ISBN: 978-8113-84-2 
100 |a OGUNSINA, Bisi 
245 |a Sociology of the Yoruba novel  |b an introduction  |c Bisi Ogunsina.  |g viii, 170p.; ill. 
260 |b Integrity Publishers  |c 2006  |h Ilorin, Nigeria  |i 689302   |i 689303   |l PL8821 .Og9  |m Yoruba fiction – 20th century – History and criticism 
500 |a “It includes references 
942 |a lcc  |c BK  |e Olagoke,M.A  |f 17/12/2020 
952 |0 0  |1 0  |2 lcc  |4 0  |6 PL8821 O G9  |7 0  |9 693  |a HOL  |b AC  |c LP  |d 2020-12-17  |l 0  |o PL8821 .Og9  |p 2020-229918  |r 2020-12-17 00:00:00  |w 2020-12-17  |y BK 
952 |0 0  |1 0  |2 lcc  |4 0  |6 PL8821 O G9  |7 0  |9 695  |a HOL  |b HOL  |c LP  |d 2020-12-17  |l 0  |o PL8821 .Og9  |p 2020-229919  |r 2020-12-17 00:00:00  |w 2020-12-17  |y BK 
999 |c 389  |d 389